| 000 | 00691nam a2200205 u 4500 | ||
|---|---|---|---|
| 005 | 20210223133358.0 | ||
| 008 | 170824s2008 r 000 0 eng d | ||
| 020 | _a9786074010817 | ||
| 035 | _aUPN01000219927 | ||
| 049 | _aCG | ||
| 050 | 4 |
_aLA429 Y8 _bS6.6 |
|
| 100 | 1 |
_aSolís Robleda, Gabriela, _d1952- _941511 |
|
| 245 | 1 | 4 |
_aLas primeras letras en Yucatán : _bla instrucción básica entre la Conquista y el Segundo Imperio / _cGabriela Solís Robleda. |
| 260 |
_aMéxico : _bCIESAS : _bPorrúa, _c2008. |
||
| 300 |
_a319 p. : _bil., gráfs., cuadros |
||
| 440 | 0 |
_aPeninsular. _pHistoria |
|
| 650 | 4 |
_aEDUCACION - _zYUCATAN - _xHISTORIA _94934 |
|
| 905 | _aLibro | ||
| 999 |
_c192026 _d192026 |
||